| 000 | 008010000a22002290004500 | ||
|---|---|---|---|
| 090 |
_aAR _b03296 |
||
| 245 | 1 | 0 | _aAssessing representativeness of places for conservation reservation and heritage listing |
| 650 | 1 | 4 |
_aSelección de áreas protegidas _992864 |
| 650 | 1 | 4 |
_aAnálisis numérico _996900 |
| 650 | 1 | 4 |
_aModelación _992835 |
| 650 | 1 | 4 |
_aSistemas de Información Geográficos _996901 |
| 650 | 1 | 4 |
_aPrioridades de conservación _96993 |
| 651 | 4 |
_dQueensland _pAustralia _992749 |
|
| 041 | 0 | _aInglés | |
| 700 | 1 |
_aNix, Henry A. _996263 |
|
| 700 | 1 |
_aHutchinson, Michael F. _996902 |
|
| 700 | 1 |
_aMacmahon, June P. _996903 |
|
| 700 | 1 |
_aFleming, P. Michael _996904 |
|
| 100 | 1 |
_aMackey, Brendan G. _996905 |
|
| 942 | _cARTICULO | ||
| 773 | 1 |
_tEnvironmental Management _332 _h4 _q501-514 _d1989 _g12 |
|
| 999 |
_c12347 _d12347 |
||